00855nam a2200205 a 450000100100000000500170001000800410002704000250006808200160009310000390010924500920014826000360024030000210027650000400029750400320033770000330036995201130040295201190051599900150063400000566120200929151733.0090821s1997 dr 000 0 spa d aDO-SdBNPbspacBNPHU axxxxbN238e1 aNarváez Rivadeneira, Luis91600710aEvangelio de un peregrino /cLuis Narváez Rivadeneira ; colaboración Pamela Larrea. aSanto Domingo :b[s.n.],c1997. a397 p. ;c24 cm. aRetablo de política internacional aBibliografía : p. 387-3971 aLarrea, Pamela,ecol.916008 0010718PDaPDbPDcHDd2009-08-21iLF1l0oxxxx N238ep5661-10r2020-06-25w2020-06-25yLFPDZNo se presta 0010718PDaPDbPDcHDd2019-05-31iLF1l0oxxxx N238ep5661-20r2020-06-25te. 2w2020-06-25yLFPDZNo se presta c5459d5459